000 00488nam a2200145 a 4500
001 000032812
005 20200930065840.0
008 110726s1920 dr 000 0 spa d
040 _aDO-SdBNP
_bspa
_cBNPHU
082 _axxxx
_bI43f
245 0 0 _aInforme final de la comisión dominicana de reclamaciones de 1917 presentado al honorable gobernador militar de Santo Domingo.
260 _aSanto Domingo :
_bImp. de J. R. Vda. García,
_c1920.
300 _a568 p. ;
_c24 cm.
049 _aBNPD
999 _c32303
_d32303